Fall Out Boy Discography - Statistics

General Stats
  • This quiz has been taken 549 times
  • The average score is 6 of 9
Answer Stats
Hint Answer % Correct
2013 Save Rock And Roll
94%
2007 Infinity On High
92%
2005 From Under The Cork Tree
91%
2008 Folie a Deux
90%
2003 Take This To Your Grave
82%
2015 American Beauty/American Psycho
80%
2008 Live in Phoenix
19%
2001 Fall Out Boy's Evening Out With Your Girlfriend
18%
2009 Believers Never Die: Greatest Hits
10%
No matching quizzes found
Score Distribution
Percent of People with Each Score
Percentile by Number Answered
Your Score History
You have not taken this quiz